[Event "1st Campomanes Memorial Cup Open"]
[Site "Manila PHI"]
[Date "2010.08.31"]
[Round "5"]
[White "Barbosa,O PHI"]
[Black "Ranola,Y"]
[Result "1-0"]
[WhiteElo "2458"]
[BlackElo "2397"]

1.d4 Nf6 2.c4 Nc6 3.Nf3 e6 4.g3 Bb4+ 5.Bd2 Qe7 6.Nc3 a5 7.Bg2 d6 8.O-O O-O
9.d5 Nd8 10.Nd4 e5 11.Nc2 Bd7 12.Nxb4 axb4 13.Nb5 Bxb5 14.cxb5 Qd7 15.b6 c5
16.dxc6 Nxc6 17.Qb3 Ra6 18.Be3 d5 19.Bc5 Rfa8 20.Rfd1 Ra5 21.Rac1 Rxa2 22.Bxb4 Nd4
23.Rxd4 exd4 24.Ba3 R8xa3 25.bxa3 Rxe2 26.a4 Qe6 27.Bxd5 Re1+ 28.Kg2 Nxd5
29.Rxe1 Nf4+ 30.gxf4 Qxe1 31.Qd5 h5 32.Qxd4 Qa5 33.h3 g6 34.Kh2 h4 35.Kg2 Qa6
36.f5 gxf5 37.Kf3 Kh7 38.Qxh4+ Kg6 39.Qd4 Qf1 40.Qd6+ f6 41.a5 Qc4 42.Qg3+ Kh5
43.Qc7 Qe4+ 44.Kg3 Kg6 45.Kh2 Kh6 46.a6 Qf3 47.Qc1+ f4 48.Qb2  1-0

[Event "7th Malaysia Open"]
[Site "Kuala Lumpur MAS"]
[Date "2010.09.03"]
[Round "4"]
[White "Lan Zilun"]
[Black "Ismail,Ah"]
[Result "1-0"]
[WhiteElo "2192"]
[BlackElo "1996"]

1.d4 Nf6 2.c4 Nc6 3.Nc3 e5 4.d5 Ne7 5.g3 Ng6 6.Bg2 Bb4 7.Bd2 Bxc3 8.Bxc3 d6
9.e4 O-O 10.Ne2 Qe7 11.Qd3 Re8 12.h3 Nd7 13.b4 b6 14.O-O Nf6 15.a3 Bd7 16.Bd2 h6
17.Nc1 a6 18.Nb3 Ba4 19.Rfe1 Rac8 20.Rac1 c5 21.dxc6 Bxc6 22.Be3 Qc7 23.Nd2 Red8
24.Qb3 Qb7 25.Qb1 Nf8 26.b5 axb5 27.cxb5 Bd7 28.Nc4 Be6 29.Nxb6 N6d7 30.Nxd7 Rxd7
31.a4 d5 32.exd5 Bxd5 33.Bxd5 Rxd5 34.Red1 Rcd8 35.Rxd5 Rxd5 36.Qc2 Rd8 37.Qc6 Qb8
38.Bb6 Re8 39.Bc7 Qc8 40.b6 Qxh3 41.b7 e4  1-0

[Event "39th Olympiad Men"]
[Site "Khanty-Mansiysk RUS"]
[Date "2010.09.23"]
[Round "3"]
[White "Njobvu,I"]
[Black "Mansour,Sam"]
[Result "0-1"]
[WhiteElo "2217"]
[BlackElo "2283"]

1.d4 Nf6 2.c4 Nc6 3.Nc3 e5 4.d5 Ne7 5.Nf3 Ng6 6.h4 h5 7.Bg5 Bb4 8.Qb3 Qe7
9.e3 a5 10.Nd2 a4 11.Qc2 a3 12.Rb1 axb2 13.Rxb2 Bxc3 14.Qxc3 Qa3 15.Qxa3 Rxa3
16.Bxf6 gxf6 17.Be2 d6 18.Nb1 Ra5 19.Nc3 b6 20.g3 Bd7 21.Kd2 Nf8 22.Bd3 Ke7
23.e4 Be8 24.f3 Nd7 25.Be2 Nc5 26.g4 Bd7 27.Rbb1 Ra3 28.Kc2 hxg4 29.fxg4 Rxc3+
30.Kxc3 Nxe4+ 31.Kb4 Ng3 32.Bf3 Nxh1 33.Rxh1 f5 34.g5 f4 35.h5 Bf5 36.Kc3 Ra8
37.Kb3 Rg8 38.Rg1 Kf8 39.Kc3 Kg7 40.Bg4 Bxg4 41.Rxg4 Ra8 42.g6 Ra3+ 43.Kb2 Rh3
44.Rg5 fxg6 45.Rxg6+ Kf7 46.Rh6 f3 47.Rh7+ Kf6 48.h6 e4 49.Rh8 Ke5 50.h7 Kd4
51.Kc2 Rh2+ 52.Kd1 Kd3 53.Ke1 e3  0-1

[Event "Unive Open"]
[Site "Hoogeveen NED"]
[Date "2010.10.22"]
[Round "1"]
[White "Van Foreest,Jorden"]
[Black "Stella,A"]
[Result "0-1"]
[WhiteElo "1954"]
[BlackElo "2334"]

1.d4 Nf6 2.c4 Nc6 3.Nf3 e6 4.Nc3 Bb4 5.e3 d6 6.Qc2 O-O 7.Bd3 e5 8.a3 Bxc3+
9.bxc3 Qe7 10.d5 Na5 11.e4 b6 12.Bg5 h6 13.Bh4 Ba6 14.Nd2 g5 15.Bg3 Nd7 16.Be2 Nc5
17.Rb1 Kg7 18.f3 f5 19.exf5 Bc8 20.Ne4 Bxf5 21.Bf2 Nab7 22.O-O Qe8 23.Bxc5 Nxc5
24.Bd3 Bxe4 25.fxe4 Qa4 26.Qxa4 Nxa4 27.Rfc1 Rf4 28.Rf1 Nxc3 29.Rb4 a5 30.Rb3 Na4
31.g3 Rxf1+ 32.Kxf1 Rf8+ 33.Kg2 Nc5 34.Rc3 g4 35.Bc2 Kg6 36.Re3 Kg5 37.Rc3 h5
38.Re3 Rf7 39.Rc3 c6 40.Kg1 cxd5 41.cxd5 b5 42.Bb1 b4 43.axb4 axb4 44.Re3 b3
45.Rc3 h4 46.Kg2 h3+ 47.Kg1 Rf3 48.Rc1 Kf6 49.Rc4 Ke7 50.Rb4 Rc3  0-1

[Event "Chigorin Mem Classic Open"]
[Site "St Petersburg RUS"]
[Date "2010.10.29"]
[Round "2"]
[White "Iskusnyh,S"]
[Black "Pyatin,A"]
[Result "1-0"]
[WhiteElo "2465"]
[BlackElo "2099"]

1.d4 Nf6 2.c4 Nc6 3.Nf3 e6 4.g3 Bb4+ 5.Bd2 Bxd2+ 6.Qxd2 d6 7.Nc3 O-O 8.Rd1 Qe7
9.Bg2 e5 10.Nd5 Nxd5 11.cxd5 Nxd4 12.Nxd4 exd4 13.Qxd4 Re8 14.Rd2 a5 15.O-O b6
16.Rc1 Ba6 17.Rdc2 Ra7 18.e3 Qd7 19.Rc3 Re7 20.Qh4 Qe8 21.Bf3 Rd7 22.Be4 g6
23.Bf3 Re7 24.Qf6 Rd7 25.g4 Qe7 26.g5 h6 27.Bg4 hxg5 28.Qd4 f5 29.Bd1 Qg7
30.Qxg7+ Kxg7 31.f4 gxf4 32.exf4 Re7 33.Kf2 Kf6 34.Bf3 Bb5 35.h4 Be8 36.Re3 Bf7
37.b3 Rb7 38.Ke2 Ra7 39.Kd3 Rxe3+ 40.Kxe3 Ke7 41.Kd4 Rb7 42.Be2 Kf6 43.Bb5 Ke7
44.Rc3 Kf6 45.a3 Ke7 46.Bc6 Rb8 47.Bb5 Rb7 48.Rc2 Kf6 49.Rc1 Ke7 50.Bc6 Rb8
51.Kc4 Rh8 52.Rh1 Kd8 53.Kb5 Rh7 54.b4 axb4 55.axb4 Be8 56.Ka6 Re7 57.Kb7 Re4
58.Bxe8 Kxe8 59.b5 Kd7 60.Rc1 Kd8 61.Rxc7 Rd4 62.Rg7 Rxd5 63.Kc6 Rd4 64.Rxg6 Rxf4
65.h5 Ke7 66.Kxb6 Rg4 67.Kc6 Rc4+ 68.Kb7 f4 69.h6 f3 70.Rg3 Rh4 71.Rxf3 Rxh6
72.Kc7 Ke6 73.b6  1-0

[Event "British Rapidplay"]
[Site "Halifax ENG"]
[Date "2010.11.20"]
[Round "5"]
[White "Palliser,R"]
[Black "Rabbitte,L"]
[Result "1-0"]
[WhiteElo "2445"]
[BlackElo "2034"]

1.d4 Nf6 2.c4 Nc6 3.Nf3 e6 4.a3 g6 5.Nc3 Bg7 6.e4 d6 7.h3 Qe7 8.Be3 e5 9.dxe5 Nxe5
10.Nxe5 Qxe5 11.Bd3 Bd7 12.f4 Qe7 13.Qf3 Bc6 14.O-O Nd7 15.Nd5 Qd8 16.Qf2 O-O
17.Rad1 b6 18.Bd4 Bxd5 19.cxd5 Nc5 20.Bxg7 Kxg7 21.Qd4+ Kg8 22.Bc2 a5 23.e5 Qh4
24.b4 dxe5 25.fxe5 Qxd4+ 26.Rxd4 axb4 27.axb4 Nd7 28.Re1 Rfe8 29.e6 fxe6
30.dxe6 Nf6 31.e7 c5 32.Rd6 Kg7 33.b5 Ra7 34.Rxb6 Rexe7 35.Rxe7+ Rxe7 36.Rc6 Ne4
37.b6 Kh6 38.Bd3 Nc3 39.Kf2 Na4 40.Bb5 Nc3 41.Ba6 Ne4+ 42.Kg1 Nd2 43.b7 Re1+
44.Kh2 Rb1 45.Rc8 Rb6 46.b8=Q Rxb8 47.Rxb8 c4 48.Rc8  1-0

[Event "TCh-HUN 2010-11"]
[Site "Budapest HUN"]
[Date "2010.11.21"]
[Round "3"]
[White "Horvath,Dav"]
[Black "Szabo,Leo"]
[Result "0-1"]
[WhiteElo "2305"]
[BlackElo "2185"]

1.d4 Nf6 2.c4 Nc6 3.Nf3 e6 4.g3 Bb4+ 5.Bd2 Bxd2+ 6.Nbxd2 Qe7 7.Bg2 O-O 8.O-O d6
9.e4 e5 10.d5 Nb8 11.Ne1 a5 12.Nd3 Bg4 13.f3 Bh5 14.Qc2 Na6 15.Rae1 Nd7 16.f4 Nac5
17.f5 f6 18.Nf2 Be8 19.g4 g5 20.fxg6 hxg6 21.Nh1 Qh7 22.Nf3 Nb6 23.Ng3 Bd7
24.h3 f5 25.gxf5 gxf5 26.exf5 Bxf5 27.Nxf5 Qxf5 28.Qe2 Qd3 29.Qf2 Qg6 30.Qe2 Nd3
31.Nh4 Qg3 32.Rd1 Nf4 33.Qg4+ Qxg4 34.hxg4 Nxc4 35.Rf2 Ne3 36.Rdd2 Nxg4 37.Rf3 Nf6
38.Rc3 Rf7 39.Nf5 Kf8 40.Ne3 Rg7 41.Kf1 Ke8 42.Bf3 Rd8 43.Rh2 Kd7 44.Rh6 Rf8
45.Ke1 e4 46.Be2 N4xd5 47.Ra3 Nxe3 48.Rxe3 d5 49.Rc3 d4 50.Rc4 d3 51.Bh5 Rg5
52.Bg6 Rg1+ 53.Kd2 Rg2+ 54.Kc3 Rc2+ 55.Kd4 c5+ 56.Rxc5 Rxc5 57.Kxc5 d2 58.Bf5+ Ke7
59.Rh1 Rd8 60.Rd1 e3  0-1

[Event "Bansko Grand Chess Open"]
[Site "Bansko BUL"]
[Date "2010.12.14"]
[Round "3.10"]
[White "Korobkov,P"]
[Black "Kukov,V"]
[Result "1/2-1/2"]
[WhiteElo "2484"]
[BlackElo "2355"]

1.c4 Nc6 2.d4 Nf6 3.Nc3 e5 4.d5 Ne7 5.g3 Ng6 6.Bg2 Bc5 7.e3 O-O 8.a3 a6 9.b4 Ba7
10.d6 cxd6 11.Qxd6 Bb8 12.Qd3 d6 13.Bb2 Qc7 14.Rc1 Be6 15.Nd5 Bxd5 16.cxd5 Qe7
17.e4 Ba7 18.Ne2 Rac8 19.Bh3 Rxc1+ 20.Bxc1 h5 21.Bg5 Qc7 22.O-O Ng4 23.Kg2 Rc8
24.Rc1 Qd7 25.Rxc8+ Qxc8 26.f3 a5 27.Nc3 axb4 28.axb4 Nf2 29.Bxc8 Nxd3 30.Nb5 Ne1+
31.Kf1 Nxf3 32.Bc1 Bb8 33.Be3 Nxh2+ 34.Ke2 Ng4 35.Bg1 Nf6 36.Nc3 b5 37.Ba6 h4
38.gxh4 Nf4+ 39.Kf3 Nd3 40.Na2 Ne1+ 41.Ke2 Ng2 42.Bxb5 Nxh4 43.Bd3 Ng6 44.b5 Nf4+
45.Kd2 Nxd3 46.Kxd3 Nd7 47.b6 Kf8 48.Nb4 Ke8 49.Nc6 g6 50.b7 Bc7 51.Ba7 f5
52.exf5 gxf5 53.b8=Q+ Bxb8 54.Bxb8 Nc5+ 55.Kc4 Ne4  1/2-1/2

[Event "Bansko Grand Chess Open"]
[Site "Bansko BUL"]
[Date "2010.12.16"]
[Round "5.18"]
[White "Grapsa,G"]
[Black "Kukov,V"]
[Result "0-1"]
[WhiteElo "2060"]
[BlackElo "2355"]

1.d4 Nf6 2.c4 Nc6 3.Nf3 e6 4.a3 d6 5.Nc3 g6 6.g3 Bg7 7.Bg2 O-O 8.O-O e5 9.d5 Ne7
10.b4 Nd7 11.e4 h6 12.Bb2 f5 13.c5 dxc5 14.d6 cxd6 15.Qxd6 cxb4 16.axb4 Nb6
17.Qc5 Be6 18.Rfd1 Qe8 19.Nb5 Nc4 20.Nc7 Qf7 21.Bxe5 b6 22.Qb5 a6 23.Rxa6 Rxa6
24.Bxg7 Kxg7 25.exf5 Bxf5 26.Qxa6 Bg4 27.Rc1 Nd2 28.Qa1+ Kg8 29.Nxd2 Qxf2+
30.Kh1 Qxd2 31.Qb1 Rf2 32.Nd5 Nxd5 33.Qxg6+ Kf8 34.Qd6+ Ne7 35.Qb8+ Kf7  0-1

[Event "Stanitsa Winter 2010"]
[Site "Stanitsa-Luganskaya UKR"]
[Date "2010.12.18"]
[Round "5"]
[White "Blednov,S"]
[Black "Biriukov,N"]
[Result "1-0"]
[WhiteElo "2360"]
[BlackElo "2361"]

1.d4 Nf6 2.c4 Nc6 3.Nf3 e6 4.a3 d6 5.Nc3 g6 6.g3 Bg7 7.Bg2 O-O 8.O-O Re8
9.b4 a6 10.Bb2 Rb8 11.e4 e5 12.d5 Nd4 13.Nxd4 exd4 14.Qxd4 Nxe4 15.Qxg7+ Kxg7
16.Nxe4+ Kf8 17.Nf6 Re5 18.f4 Re2 19.Nxh7+ Kg8 20.Nf6+ Kh8 21.Bd4 Rd2 22.Bc3 Rc2
23.Ne4+ Rxc3 24.Nxc3 Qf6 25.Rac1 Qd4+ 26.Kh1 Bf5 27.Rfe1 Qxc4 28.Re7 Rc8
29.Rxf7 Qb3 30.Re7 Qxa3 31.Ne2 Bg4 32.Rc3 Qa1+ 33.Rc1 Qb2 34.Re1 Qxb4 35.Ng1 Qc3
36.h3 Bf5 37.R1e3 Qd2 38.g4 Bd3 39.Nf3 Qc1+ 40.Kh2 Qc4 41.Rf7 Qxd5 42.Ree7 g5
43.Nxg5 Qd4 44.Rxc7 Re8 45.Ne6 Qe3 46.Rf6 Bh7 47.Rh6 Rxe6 48.Rcxh7+ Kg8 49.Rh8+ Kg7
50.R6h7+ Kf6 51.Rf8+ Kg6 52.Rff7 Re4 53.Rhg7+ Kh6 54.g5+ Kh5 55.Rf6 Qxf4+
56.Rxf4 Rxf4 57.Kg3 Rf5 58.h4  1-0

[Event "European Rapid Championship"]
[Site "Warsaw POL"]
[Date "2010.12.18"]
[Round "3"]
[White "Lysyj,I"]
[Black "Kuraszkiewicz,M"]
[Result "1-0"]
[WhiteElo "2627"]
[BlackElo "2325"]

1.d4 Nf6 2.c4 Nc6 3.Nf3 e6 4.Nc3 g6 5.e4 d6 6.d5 Ne7 7.h3 Bg7 8.Be3 O-O 9.Be2 exd5
10.cxd5 Re8 11.O-O c6 12.dxc6 Nxc6 13.Qc2 Qe7 14.Bg5 Be6 15.Rad1 Rac8 16.Rfe1 Ne5
17.Qd2 Red8 18.Qf4 h6 19.Bxh6 Nh5 20.Qe3 Nc4 21.Bxc4 Bxc4 22.Bxg7 Nxg7 23.Qh6 Qf6
24.Ng5 Ne6 25.Qh7+ Kf8 26.Nxe6+ Bxe6 27.Rd3 a6 28.Red1 Ke7 29.Qh6 Rc5 30.Qe3 g5
31.Rxd6 Rxc3 32.e5  1-0

[Event "Czech Chess Christmas 2010-11"]
[Site "Litomysl CZE"]
[Date "2010.12.26"]
[Round "1.3"]
[White "Likavsky,T"]
[Black "Bartosova,L"]
[Result "1-0"]
[WhiteElo "2466"]
[BlackElo "1961"]

1.d4 Nf6 2.c4 Nc6 3.Nf3 e6 4.a3 Ne7 5.Nc3 d6 6.e4 Ng6 7.g3 Be7 8.Bg2 e5 9.h3 O-O
10.Be3 c5 11.dxc5 dxc5 12.Qb1 Bd7 13.O-O Qc8 14.Kh2 h6 15.Rd1 Be6 16.Nd5 Bd8
17.Nd2 Nh5 18.b4 Bxd5 19.cxd5 Be7 20.bxc5 Bxc5 21.Rc1 b6 22.Nb3 Rb8 23.Qd3 Qd7
24.Nxc5 bxc5 25.Rxc5 Rb7 26.Rac1 Nf6 27.Qa6 Ne7 28.Qa5 Ne8 29.Rc6 Rb8 30.Bxa7 Ra8
31.Ra6 Qb7 32.Bf1 Qb2 33.Be3 Rb8 34.Qc3 Qb7 35.Ra7  1-0

[Event "27th Christmas Open"]
[Site "Geneva SUI"]
[Date "2010.12.27"]
[Round "2"]
[White "Foisor,O"]
[Black "Skouvaklis,A"]
[Result "1-0"]
[WhiteElo "2397"]
[BlackElo "2088"]

1.d4 Nf6 2.c4 Nc6 3.Nf3 e6 4.a3 d6 5.Nc3 g6 6.g3 Bg7 7.Bg2 O-O 8.O-O Nd7
9.Bg5 f6 10.Be3 e5 11.dxe5 dxe5 12.Qb3 Kh8 13.Rad1 Ne7 14.Bh3 c6 15.Bxd7 Bxd7
16.Qxb7  1-0

[Event "Rilton Cup 2010-11"]
[Site "Stockholm SWE"]
[Date "2010.12.31"]
[Round "5"]
[White "Pettersson,An"]
[Black "Sipila,V"]
[Result "0-1"]
[WhiteElo "2127"]
[BlackElo "2262"]

1.d4 Nf6 2.c4 Nc6 3.Nf3 e6 4.e3 d5 5.Nc3 Bb4 6.Bd2 O-O 7.Bd3 Qd6 8.a3 Bxc3
9.Bxc3 dxc4 10.Bxc4 Nd5 11.Qc2 b6 12.O-O Bb7 13.Rfd1 Nxc3 14.bxc3 Na5 15.Ng5 g6
16.Bf1 c5 17.c4 Rfd8 18.h4 Rac8 19.Qc3 Qe7 20.dxc5 Rxc5 21.Rxd8+ Qxd8 22.Qh8+ Kxh8
23.Nxf7+ Kg7 24.Nxd8 Bc8 25.Rd1 Kf6 26.h5 Rxh5 27.c5 Rxc5 28.a4 Ke7  0-1

[Event "Czech Chess Christmas 2010-11"]
[Site "Litomysl CZE"]
[Date "2011.01.01"]
[Round "8.18"]
[White "Stodola Marek"]
[Black "Pekar,V"]
[Result "0-1"]
[WhiteElo "1799"]
[BlackElo "2114"]

1.d4 Nf6 2.c4 Nc6 3.Nf3 e6 4.Nc3 Bb4 5.Qc2 h6 6.e3 O-O 7.Bd3 d6 8.Bd2 e5
9.dxe5 dxe5 10.a3 Be7 11.O-O Be6 12.Rfd1 Nd7 13.e4 Bg4 14.Be3 Bxf3 15.gxf3 Bc5
16.Nd5 Nd4 17.Bxd4 Bxd4 18.Bf1 Nc5 19.f4 c6 20.fxe5 Qg5+ 21.Kh1 Bxe5 22.f4 Bxf4
23.Nxf4 Qxf4 24.Bg2 Rfe8 25.Rf1 Qh4 26.Rae1 Rad8 27.Re3 Re5 28.b4 Ne6 29.Qc3 f6
30.Rh3 Qg5 31.Rg3 Qd2 32.Qf3 Rg5 33.Rxg5 Nxg5 34.Qf5 Re8 35.h4 Nf7 36.Rg1 Qe3
37.Bf3 Nd6 38.Qg4 Re7 39.c5 h5 40.Qh3 Ne8 41.Qg3 Qxa3 42.Re1 Qxb4 43.Bxh5 Qxc5
44.Bg6 Qe5  0-1

[Event "23rd Staufer-Open"]
[Site "Leinzell GER"]
[Date "2011.01.04"]
[Round "6"]
[White "Wiley,To"]
[Black "Epishin,V"]
[Result "0-1"]
[WhiteElo "2295"]
[BlackElo "2568"]

1.d4 Nf6 2.c4 Nc6 3.Nf3 e6 4.Nc3 Bb4 5.Qc2 d6 6.Bd2 Qe7 7.a3 Bxc3 8.Bxc3 O-O
9.b4 e5 10.dxe5 Nxe5 11.Nxe5 dxe5 12.e3 Bg4 13.Be2 Bxe2 14.Qxe2 Ne4 15.Qc2 Nxc3
16.Qxc3 Rfd8 17.O-O Rd7 18.Rad1 Rad8 19.Rxd7 Rxd7 20.Qc2 c5 21.Rd1 Rxd1+
22.Qxd1 cxb4 23.axb4 Qxb4 24.Qd8+ Qf8 25.Qc7 Qa8 26.Qxe5 a5 27.Qc5 a4 28.Qa3 h6
29.g3 Qa6 30.Qc5 a3 31.Qc8+ Kh7 32.e4 Qa5 33.Kg2 a2 34.c5 a1=Q 35.Qf5+ g6
36.Qxf7+ Qg7  0-1

[Event "Hastings Masters 2010-11"]
[Site "Hastings ENG"]
[Date "2011.01.05"]
[Round "9.19"]
[White "Kaufeld,J"]
[Black "Jackson,J"]
[Result "1/2-1/2"]
[WhiteElo "2270"]
[BlackElo "2146"]

1.d4 Nf6 2.c4 Nc6 3.Nf3 e6 4.g3 d5 5.Bg2 dxc4 6.Qa4 Bb4+ 7.Bd2 Nd5 8.Bxb4 Nxb4
9.O-O a6 10.Ne5 O-O 11.Nxc6 Nxc6 12.Bxc6 bxc6 13.Qxc4 Rb8 14.Nc3 Qd6 15.b3 Rb4
16.Ne4 Qxd4 17.Qxd4 Rxd4 18.Nc5 Rfd8 19.Nd3 f6 20.Rac1 R8d6 21.Nb2 e5 22.Nc4 R6d5
23.Ne3 Rd6 24.Nc4 R6d5 25.Ne3 Rd6  1/2-1/2

[Event "ch-Antalya 2011"]
[Site "Antalya TUR"]
[Date "2011.01.09"]
[Round "4.2"]
[White "Avci,A"]
[Black "Yurtseven,M"]
[Result "0-1"]
[WhiteElo "1767"]
[BlackElo "1998"]

1.d4 Nf6 2.c4 Nc6 3.Nc3 e5 4.d5 Ne7 5.e4 Ng6 6.Bd3 Bc5 7.Nf3 d6 8.b4 Bb6
9.Be3 Ng4 10.Bxb6 axb6 11.h3 Nh6 12.g4 Nh4 13.Kd2 O-O 14.Nxh4 Qxh4 15.Qf3 g6
16.Qg3 Qg5+ 17.Qe3 f6 18.a4 Bd7 19.Qxg5 fxg5 20.Ke2 Ra7 21.f3 Rfa8 22.b5 Kg7
23.Kd2 Ng8 24.Kc2 h5 25.Kb2 Nf6 26.Ra3 Be8 27.Rha1 Nd7 28.Ne2 Nc5 29.Bc2 Bd7
30.Nc1 Ra5 31.Nd3 Nxd3+ 32.Bxd3 Rf8 33.Be2 hxg4 34.hxg4 Rh8 35.Kc3 Kf7 36.Kb4 Ke7
37.Re1 Rh2 38.Raa1 c6 39.Bd3 Rh3 40.Be2 c5+ 41.Kb3 Bxg4 42.Rh1 Rxh1 43.Rxh1 Bh5
44.Bd1 Ra8 45.Kc3 Rf8 46.Rh3 Rf4 47.Kd2 Kf6 48.Rg3 Rh4 49.Be2 Rh2 50.Ke3 Rh1
51.Kd2 Ra1 52.Bd1 Ra3 53.Rg4 Ra1 54.Rg3 Ra2+ 55.Kd3 Ra3+ 56.Kd2 g4 57.Rg1 gxf3
58.Ke1 Ra2  0-1

[Event "9th Parsvnath Open"]
[Site "New Delhi IND"]
[Date "2011.01.10"]
[Round "5.46"]
[White "Tokabayev A"]
[Black "Gurpreet,S"]
[Result "0-1"]
[WhiteElo "2033"]
[BlackElo "2252"]

1.d4 Nf6 2.c4 Nc6 3.Nf3 e6 4.Nc3 Bb4 5.Qc2 O-O 6.e3 d6 7.Bd3 e5 8.O-O Bxc3
9.bxc3 Qe7 10.Ba3 e4 11.Ne5 exd3 12.Nxc6 bxc6 13.Qxd3 Ba6 14.Rfd1 Rfe8 15.Rab1 Qe4
16.Qe2 Nd5 17.Bb4 Nb6  0-1

[Event "Australian Open"]
[Site "Cammeray AUS"]
[Date "2011.01.11"]
[Round "9.35"]
[White "Bennett,Matthew"]
[Black "Dickson,I"]
[Result "1-0"]
[WhiteElo "1650"]
[BlackElo "1856"]

1.d4 Nf6 2.c4 Nc6 3.Nf3 e6 4.a3 g6 5.Nc3 Bg7 6.e4 d6 7.Be2 O-O 8.O-O e5 9.d5 Ne7
10.Ne1 Nd7 11.Be3 f5 12.f3 Nf6 13.Nd3 f4 14.Bf2 g5 15.Rc1 h5 16.c5 a6 17.cxd6 cxd6
18.Qb3 Ng6 19.Na4 b5 20.Nb6 Rb8 21.Nxc8 Rxc8 22.Rxc8 Qxc8 23.Rc1 Qd7 24.Rc6 g4
25.Qb4 Rd8 26.Bb6 gxf3 27.Bxf3 Ne7 28.Rc7 Qe8 29.Ra7 Rd7 30.Rxa6 Nexd5 31.exd5 e4
32.Nxf4 exf3 33.gxf3 Qc8 34.Ra7 Bh6 35.Rxd7 Nxd7 36.Be3 Ne5 37.Qe4 Qe8 38.Kh1 Qf7
39.Bc1 Nc4 40.Qe6 Qxe6 41.dxe6 Bxf4 42.Bxf4 Nxb2 43.Bxd6 Nc4 44.Bb4 Kg7 45.Kg2 Kg6
46.Kg3 Ne5 47.e7 Kf7 48.f4 Ng6 49.f5 Nxe7 50.Bxe7 Kxe7 51.Kf4 Kf6 52.h4 Kg7
53.Kg5  1-0

[Event "9th Parsvnath Open"]
[Site "New Delhi IND"]
[Date "2011.01.11"]
[Round "6"]
[White "Arun Prasad,S"]
[Black "Himanshu,Sh"]
[Result "1-0"]
[WhiteElo "2513"]
[BlackElo "2400"]

1.c4 Nf6 2.d4 Nc6 3.Nf3 e6 4.g3 Bb4+ 5.Bd2 Qe7 6.Bg2 O-O 7.Nc3 d6 8.Rc1 Re8
9.O-O a5 10.Bg5 Bxc3 11.Rxc3 e5 12.d5 Nb4 13.Nd2 Nxa2 14.Ra3 Nb4 15.Ne4 Bf5
16.Nxf6+ gxf6 17.Bh4 e4 18.Re3 Qe5 19.f3 c5 20.fxe4 Qd4 21.Qxd4 cxd4 22.Ref3 Bxe4
23.Rxf6 Bxg2 24.Kxg2 Rxe2+ 25.Kh3 d3 26.Bg5 d2 27.R6f3 a4 28.Bh6 Re1 29.Bxd2 Rxf1
30.Rxf1 Nd3 31.Bc3 Kf8 32.Rf3 Nc5 33.Re3 Nd7 34.Bb4 Ra6 35.Kg4 Rb6 36.Ba3 Kg7
37.Kf5 Ra6 38.Re7 Ne5 39.Rc7 Nf3 40.Rxb7 Nxh2 41.Rd7 Nf1 42.Kf4 Nd2 43.Rc7 Kf6
44.Bb4 Nb1 45.Rc6 Rxc6 46.dxc6 Ke6 47.g4 Ke7 48.Ke3 Kd8 49.Bxd6 a3 50.Bxa3  1-0

[Event "3rd Chennai Open"]
[Site "Chennai IND"]
[Date "2011.01.21"]
[Round "5"]
[White "Debashis,D"]
[Black "Gupta,Ab"]
[Result "0-1"]
[WhiteElo "2406"]
[BlackElo "2590"]

1.d4 Nf6 2.c4 Nc6 3.Nf3 e6 4.a3 d6 5.Nc3 g6 6.d5 Ne7 7.e4 Bg7 8.Be2 O-O 9.O-O exd5
10.cxd5 c6 11.dxc6 bxc6 12.Bf4 d5 13.exd5 Nfxd5 14.Nxd5 Nxd5 15.Be5 Bxe5
16.Nxe5 Qf6 17.Nc4 Nf4 18.Bf3 Be6 19.Ne3 Rad8 20.Qc2 Rd3 21.Qxc6 Rc8 22.Qe4 Rd4
23.Qb7 Rd2 24.b4 Rc3 25.b5 Qg5 26.Kh1 Nd3 27.Qb8+ Kg7 28.Qxa7 Qe5 29.Kg1 Nxf2
30.Rxf2 Rxe3 31.Raf1 Rd7 32.Qa4 Rd4 33.Qa7 Bc4 34.Bc6 Re1 35.Rxf7+ Kh6 36.Rxh7+ Kg5
37.h4+ Rxh4  0-1

[Event "3rd Chennai Open"]
[Site "Chennai IND"]
[Date "2011.01.21"]
[Round "6"]
[White "Karthikeyan,P2"]
[Black "Deepan,C"]
[Result "1/2-1/2"]
[WhiteElo "2380"]
[BlackElo "2485"]

1.d4 Nf6 2.c4 Nc6 3.Nc3 e6 4.Nf3 Bb4 5.Qc2 d6 6.a3 Bxc3+ 7.Qxc3 a5 8.b3 O-O
9.e3 Re8 10.Bb2 e5 11.d5 Nb8 12.Be2 Nbd7 13.Qc2 Nc5 14.Nd2 c6 15.dxc6 bxc6
16.O-O Qb6 17.Bc3 Bg4 18.Bxg4 Nxg4 19.h3 Nf6 20.b4 axb4 21.axb4 Na6 22.Ra4 Nc7
23.Rfa1 Rxa4 24.Qxa4 h6 25.Qa7 Qb8  1/2-1/2

[Event "Orsha Masters"]
[Site "Orsha UKR"]
[Date "2011.01.29"]
[Round "3"]
[White "Leinov,R"]
[Black "Tsyhanchuk,S"]
[Result "1/2-1/2"]
[WhiteElo "2177"]
[BlackElo "2340"]

1.d4 Nf6 2.c4 Nc6 3.Nf3 e6 4.g3 Bb4+ 5.Bd2 Qe7 6.Nc3 a5 7.Bg2 O-O 8.O-O d6
9.Nb5 Bxd2 10.Qxd2 e5 11.d5 Nb8 12.Ne1 e4 13.Nc2 Re8 14.a3 a4 15.Qb4 b6 16.Ncd4 Ra5
17.Qc3 Qd8 18.Qc2 Bd7 19.Nc3 Qe7 20.Ndb5 Na6 21.Nxa4 Bxb5 22.cxb5 Rxb5 23.Qc4 Ra5
24.Nc3 Nb8 25.b4 Ra8 26.Nb5 Rc8 27.Rac1 Qd7 28.e3 c5 29.dxc6 Nxc6 30.Qe2 Ne5
31.Rxc8+ Rxc8 32.Rd1 d5 33.Nd4 Qa4 34.Ra1 Nd3 35.Qa2 g6 36.Bf1 Rc3 37.h3 Qd7
38.Qd2 Qc8 39.Kg2 h5 40.b5 Qc5 41.a4 Nd7 42.a5 bxa5 43.Rxa5 Nb6 44.Ra6 Nc4
45.Qa2 Rc1 46.Rc6 Qb4 47.Qa8+ Kh7 48.Rc8 Nxe3+ 49.fxe3 Qd2+ 50.Be2 Ne1+ 51.Kf2 Nd3+
52.Kg2 Ne1+ 53.Kf2  1/2-1/2

[Event "TCh-HUN 2010-11"]
[Site "Budapest HUN"]
[Date "2011.01.30"]
[Round "5"]
[White "Bacso,G"]
[Black "Szabo,Leo"]
[Result "1/2-1/2"]
[WhiteElo "2156"]
[BlackElo "2185"]

1.d4 Nf6 2.c4 Nc6 3.Nf3 e6 4.g3 Bb4+ 5.Bd2 Qe7 6.Nc3 O-O 7.Bg2 d6 8.O-O e5
9.Nd5 Nxd5 10.cxd5 Bxd2 11.dxc6 Bh6 12.dxe5 dxe5 13.Qd5 b6 14.Qxe5 Qxe5 15.Nxe5 Re8
16.f4 f6 17.Bd5+ Be6 18.Bxe6+ Rxe6 19.Ng4 Rxc6 20.Rac1 Rxc1 21.Rxc1 c5 22.Rd1 Re8
23.Kf2 Re7 24.Kf3 Kf7 25.Nxh6+ gxh6 26.g4 Rc7 27.h4 c4 28.Rd5 c3 29.bxc3 Rxc3+
30.e3 Rc7 31.a4 Rb7 32.Ke4 Re7+ 33.Kd4 Rc7 34.a5 bxa5 35.Rxa5 Rd7+ 36.Ke4 Re7+
37.Kf5 Rxe3 38.Rxa7+ Re7 39.Ra6 Kg7 40.Rxf6 Ra7 41.Re6 Ra5+ 42.Re5 Ra7 43.h5 Kf7
44.Rd5 Re7 45.Rd6 Kg7 46.g5 hxg5 47.h6+ Kf7 48.Rf6+ Kg8 49.Kxg5 Ra7 50.Rd6 Kf7
51.Rd8 Ra5+ 52.f5 Ra1 53.Rd7+ Kg8 54.Rg7+ Kh8 55.Re7 Kg8 56.Kf6 Ra6+ 57.Re6 Ra8
58.Rd6 Kf8 59.Rc6 Rb8 60.Kg5 Kg8 61.Rc7 Rf8 62.Rg7+ Kh8 63.Rd7 Kg8 64.Kf4 Rf6
65.Ke5 Rxh6  1/2-1/2

[Event "33rd Bulgarian Open"]
[Site "Plovdiv BUL"]
[Date "2011.01.30"]
[Round "1.18"]
[White "Slavov,H"]
[Black "Berescu,A"]
[Result "1/2-1/2"]
[WhiteElo "1717"]
[BlackElo "2476"]

1.d4 Nf6 2.c4 Nc6 3.Nf3 e6 4.g3 Bb4+ 5.Bd2 Qe7 6.Bg2 Bxd2+ 7.Nbxd2 d6 8.O-O a5
9.Rc1 e5 10.dxe5 dxe5 11.a3 O-O 12.e3 h6 13.Qc2 Rd8 14.Ne4 Bf5 15.Nxf6+ Qxf6
16.Qb3 Bg4 17.Nh4 Rab8 18.h3 Be2 19.Rfe1 Rd2 20.Qc3 Rbd8 21.Bd5 Bxc4 22.Qxd2 Bxd5
23.Qc2 Be6 24.Kh2 g5 25.Ng2 Qf3 26.Qe2 e4 27.Rc5 f6 28.Qb5 Rd2 29.Rf1 Qh5
30.Nf4 Qf3 31.Nxe6 Rxf2+ 32.Rxf2 Qxf2+ 33.Kh1 Qf3+ 34.Kh2 Qf2+  1/2-1/2

[Event "Schachbundesliga 2010-11"]
[Site "Mulheim GER"]
[Date "2011.02.05"]
[Round "8"]
[White "Rogozenco,D"]
[Black "Hausrath,D"]
[Result "1/2-1/2"]
[WhiteElo "2522"]
[BlackElo "2537"]

1.d4 Nf6 2.c4 Nc6 3.Nf3 e6 4.a3 d6 5.Nc3 g6 6.g3 Bg7 7.Bg2 O-O 8.O-O e5 9.d5 Ne7
10.e4 Ne8 11.Ne1 f5 12.Nd3 Nf6 13.Bg5 Nxe4 14.Nxe4 fxe4 15.Bxe4 Bh3 16.Bg2 Bxg2
17.Kxg2 Bf6 18.Bxf6 Rxf6 19.f4 Nf5 20.Qe2 Nd4 21.Qe4 Nb3 22.Rad1 Qf8 23.Qe3 exf4
24.Nxf4 Nc5 25.Rde1 Rf5 26.Qd4 Re8 27.b4 Nd7 28.Ne6 Qf6 29.Qxf6 Nxf6 30.Nxc7 Rc8
31.Rxf5 gxf5 32.Re6 Kg7 33.Nb5 Rxc4 34.Nxd6 Rc2+ 35.Kf3 Nxd5 36.Nxf5+ Kf7
37.Rd6 Rc3+ 38.Ke4 Nf6+ 39.Ke5 Ng4+ 40.Kf4 Nxh2 41.Rd7+ Ke6 42.Rd6+ Kf7 43.Ne3 h5
44.Rd5 Ng4 45.Nxg4 hxg4 46.Rd7+ Kf6 47.Kxg4 Rxa3 48.Rxb7 Ra4 49.Kh5 Ra3 50.Kh4 Rb3
51.Kg4 Ra3 52.Kf4 Ra4 53.Ke3 Ke6 54.Kd3 Kd6 55.Kc3 a5 56.b5 Rg4 57.Kb3 Kc5
58.Ka3 Rxg3+ 59.Ka4 Rg1 60.Rc7+ Kb6 61.Rc6+ Kb7 62.Kxa5 Ra1+ 63.Kb4 Rb1+
64.Ka5 Ra1+ 65.Kb4 Rb1+ 66.Ka5 Ra1+ 67.Kb4  1/2-1/2

[Event "75th ch-BUL Semi-Final"]
[Site "Plovdiv BUL"]
[Date "2011.02.09"]
[Round "4"]
[White "Bratanov,Z"]
[Black "Kukov,V"]
[Result "1/2-1/2"]
[WhiteElo "2467"]
[BlackElo "2378"]

1.d4 Nf6 2.c4 Nc6 3.Nf3 e6 4.g3 d5 5.cxd5 exd5 6.Bg2 Bg4 7.O-O Be7 8.Nc3 Ne4
9.Qb3 Nxc3 10.bxc3 Na5 11.Qa4+ c6 12.Ba3 Nc4 13.Bxe7  1/2-1/2

[Event "IV Open A"]
[Site "Gora Swietej Anny POL"]
[Date "2011.02.15"]
[Round "5.14"]
[White "Smal,Tobiasz"]
[Black "Frink,F"]
[Result "1-0"]
[WhiteElo "1662"]
[BlackElo "2217"]

1.d4 Nf6 2.c4 Nc6 3.Nf3 e6 4.Nc3 d6 5.e4 e5 6.dxe5 Nxe5 7.Nxe5 dxe5 8.Qxd8+ Kxd8
9.Bg5 c6 10.O-O-O+ Kc7 11.h3 h6 12.Be3 Bb4 13.f3 Bxc3 14.bxc3 Be6 15.Bc5 Rhd8
16.Rxd8 Rxd8 17.Be7 Rd7 18.Bxf6 gxf6 19.f4 exf4 20.Be2 Kb6 21.Rf1 Kc5 22.Rxf4 Bxc4
23.Rf5+ Bd5 24.exd5 Rd6 25.dxc6+ Kxc6 26.Bf3+ Kc7 27.Rc5+ Kb6 28.Rh5 a5 29.Rxh6 a4
30.Rh4 Kb5 31.Bxb7 a3 32.Kc2 f5 33.Bf3 Rb6  1-0

[Event "TCh-CAT Div Hon"]
[Site "Barcelona ESP"]
[Date "2011.02.19"]
[Round "4"]
[White "Guasch Sariol,J"]
[Black "Dickl,E"]
[Result "1-0"]
[WhiteElo "2119"]
[BlackElo "2161"]

1.d4 Nf6 2.c4 Nc6 3.Nf3 e6 4.Nc3 Bb4 5.Qc2 O-O 6.e3 Re8 7.a3 Bxc3+ 8.Qxc3 Ne4
9.Qc2 f5 10.Bd3 Ng5 11.Nxg5 Qxg5 12.O-O d6 13.d5 Ne7 14.dxe6 Bxe6 15.b4 Bd7
16.f4 Qf6 17.Bb2 Qf7 18.Rf3 h6 19.Rg3 g6 20.Rf1 Kh7 21.Rh3 h5 22.Rff3 Ng8
23.Qc3 Nh6 24.Rfg3 Re4 25.Rxh5  1-0